000 00587cam a2200193 4500
008 000000n1999 000 0 eng u
020 _a1860812880
035 _a(Sirsi) u100412
041 _aENG
050 _a690
110 _aBuilding Research Establishment
245 _aAlkali-silica reaction in concrete, simplified guidance for new construction using normal reactivity aggregates.
260 _aWatford
_bCRC Ltd
_c1999
300 _a4p. ; 30cm.
490 _aBRE Digest
_v330 Part 4
650 _aCONCRETE
690 _aBUILT ENVIRONMENT-CONSTRUCTION DESIGN
942 _n0
999 _c99696
_d99696